La formacin̤ ťica del Contador Pb︢lico

Bibliographic Details
Main Author: Zamorano Garca̕, Enrique
Format: eBook
Language:Spanish
Published: Mx̌ico D.F. : Instituto Mexicano de Contadores Pb︢licos, 2010
Subjects:
Online Access:http://www.vlex.com/source/7065

MARC

LEADER 00000nam a22000007a 4500
005 20130226181142.0
007 cr|||| ||||
008 130226e2010 mx |||||s|||| 00||0 spa d
020 |a 978-607-7620-55-6 
035 |a 7065 
040 |a vLex 
090 |c 3776  |d 3776 
100 1 0 |a Zamorano Garca̕, Enrique  
245 1 3 |a La formacin̤ ťica del Contador Pb︢lico  |h [Recurso electrn̤ico] 
256 |a Servicio en ln̕ea 
260 |a Mx̌ico D.F. :  |b Instituto Mexicano de Contadores Pb︢licos,   |c 2010 
300 |a 1 Recurso electrn̤ico 
650 0 4 |a Derecho tributario  |z Mx̌ico 
650 0 4 |a Administracin̤ pb︢lica  |z Mx̌ico 
740 |a vLex Libros (Servicio en ln̕ea) 
856 |a Acceso restringido  |u http://www.vlex.com/source/7065 
942 |c BOOK 
999 0 |a Taxation